Normal view
MARC view
Entry Personal Name
001 - CONTROL NUMBER
- control field: 81667
003 - CONTROL NUMBER IDENTIFIER
- control field: dpl
005 - DATE AND TIME OF LATEST TRANSACTION
- control field: 20250604145550.0
008 - FIXED-LENGTH DATA ELEMENTS
- fixed length control field: 250604|| aca||aabn | a|a d
040 ## - CATALOGING SOURCE
- Original cataloging agency: dpl
- Transcribing agency: dpl
100 ## - HEADING--PERSONAL NAME
- Personal name: Ray, Prafulla Chandra
670 ## - SOURCE DATA FOUND
- Source citation: Work cat.: (dpl)176021: Ray, Prafulla Chandra, Life and Experiences of A Bengali Chemist Volume I/, 2011
